000 00354nam a2200133 i 4500
001 bg
100 1 _aPUZYNA, Czesław
245 0 _aPodstawowe wiadomości o dźwiękach i ich oddziaływaniu na człowieka /
_cCzesław Puzyna.
260 _aWarszawa,
_c1985.
040 _cBPK
041 _apol
942 _cKS
008 s pl f |000 0 pol
999 _c3195
_d3195
856 _uhttp://koha.tu.koszalin.pl/cgi-bin/koha/opac-detail.pl?biblionumber=3195
_yKatalog online BPK